[Event "Turnier 40 / 120"]
[Site "Wien"]
[Date "2022.03.23"]
[Round "26"]
[White "Tasc R30 V 2.5 Aktiv - ARM6 - 30 MHZ"]
[Black "Mephisto Genius 68030 Aktiv - 33 MHZ"]
[Result "1/2-1/2"]
[BlackElo "2252"]
[WhiteElo "2332"]

1. Nf3 d5 2. d4 c6 3. c4 Nf6 4. Nc3 dxc4 5. a4 Bf5 6. e3 e6 7. Bxc4 Bb4 8.
O-O Nbd7 9. Qe2 Bg6 10. e4 Bxc3 11. bxc3 Nxe4 12. Ba3 Qc7 13. Nh4 Ndf6 14.
Rfc1 O-O-O {Buchende} 15. a5 {Buchende} Bh5 {Buchbewertung Mephisto Genius
68030: +0,27 / lt. Stockfish steht Schwarz klar besser mit ca. +1,00} 16.
f3? {Buchbewertung Tasc R30: -0,09 / gleich der 1. berechnete Zug ist ganz
schwach und bringt Schwarz bereits klar in Vorteil, Stockfish +1,60 mit der
Fortsetzung g5, deutlich besser war De1 mit ca. +0,70 für Schwarz} g5 17.
Bd3 Nxc3? {ein absoluter Verlustzug, der die Partie auf den Kopf stellt,
nötig war gxh4 mit ca. +1,80 für Schwarz nach dem Textzug ist Weiss klar im
Vorteil mit ca. +2,20, dieser Zug ist also um 4 Bauernheiten schlechter als
die optimale Fortsetzung und verliert bereits die Partie} 18. Rxc3 Nd5 19.
Rcc1 {deutlich schwächer als Tb3, Stockfish +1,00 für Weiss mit der
Fortsetzung Sf4} Nf4 20. Qe3 gxh4? {verliert die Partie sofort, Stockfish
+3,50 für Weiss mit der Fortsetzung a6 und Schwarz kann aufgeben, nötig war
natürlich Sxd3 mit ca. +1,00 für Weiss} 21. a6 Rhg8 22. axb7+ Kb8 {Genius
68030 sieht noch keinen Verlust, Bewertung +0,06, etwas besser ist noch
Kd7, spielt aber keine Rolle mehr, die Partie ist reif zur Aufgabe für
Schwarz, Stockfish +4,00 für Weiss} 23. Ra2? {Tasc R30: -0,04 sieht auch
keinen Vorteil und damit hat er auch recht, denn dieser Zug verschenkt auf
einen Schlag den Sieg, Stockfish 0,00 mit der Fortsetzung h3, nötig war Lf1
und Weiss gewinnt} Nxd3 {gleichwertig mit h3, Stockfish 0,00} 24. Qxd3 Qf4!
{der richtige Zug, Stockfish 0,00, sofort verloren hätte der vom Tasc R30
erwartete Zug h3, den der Genius 68030 im letzten Moment zu Gunsten des
Textzuges verwirft, dort hätte die Fortsetzung Lc5 die Partie sofort zu
Gunsten von Weiss entschieden} 25. Rxc6 Bxf3 26. Rc8+ Rxc8 27. bxc8=Q+ Kxc8
28. Rf2 {Tasc R30: +1,48 / die Stellung ist jedoch Remis, Stockfish 0,00}
Rxg2+ {Genius 68030: -0,57} 29. Rxg2 Bxg2 30. Kxg2 Qg4+ 31. Kh1 Kd8?
{bringt das Remis in Gefahr, welches Schwarz nach h3 sicher gehabt hätte,
Stockfish +1,40 für Weiss mit der Fortsetzung d5} 32. h3? {dieser Zug
bringt allerdings keinen Vorteil für Weiss, Stockfish 0,00 mit der
Fortsetzung Dg6} Qg6 33. Qc3 Qf5 34. Kg1 Qg5+ {besser ist Kd7, danach hat
Schwarz das Remis sicher, nach dem Textzug ist Weiss etwas im Vorteil mit
ca. +0,50 mit der Fortsetzung Kf2} 35. Kf2 Qf4+ 36. Ke2 Qh2+ 37. Kd1 Qg1+
38. Kc2 Qg2+ 39. Kb3 Kd7 40. Ka4 f5? {verliert die Partie gegen die
Fortsetzung Dc5, Stockfish +3,00 für Weiss, nach Dc6+ wäre es Remis
gewesen} 41. Qc5 Qc6+ 42. Kb4? {verschenkt gleich wieder den Sieg, hier
kann Schwarz mittels f4 das Remis sichern, gewonnen hätte Ka5} Qxc5+
{dieser Zug ist natürlich eine Katastrophe für Schwarz, damit ist natürlich
alles aus, denn Weiss erhält einen gedeckten Freibauern und gewinnt damit
die Partie, Stockfish +4,00 für Weiss} 43. Kxc5 {gleichwertig mit dxc5,
auch diese Fortsetzung gewinnt} a5 {Stockfish +11,00 für Weiss, da ist
nichts mehr zu retten für Schwarz} 44. Bc1 a4 45. Kc4? {ein wahrer
Horrorzug der König geht zurück, statt der Bauer vor, also das ist
unfassbar schwach bei diesem ELO-Niveau fast nicht zu glauben, verschenkt
auf einen Schlag den Sieg, um ganze 11 Bauerneinheiten schlechter als d5
was sofort gewinnt, nach dem Textzug ist die Partie Remis, Stockfish 0,00}
Kc6 46. Be3 a3 47. Kb3 Kd5 48. Kxa3 Ke4 49. Bf2 Kf3 50. Bxh4 Ke3 51. Kb2
Kxd4 52. Kc1 Ke3 53. Kd1 e5 54. Ke1 f4 55. Be7 e4 56. Bc5+ Kf3 57. Kd2 h5
58. h4 Kg3 59. Bd6 Kg4 60. Be7 f3 61. Ke3 Kg3 62. Bc5 Kxh4 63. Kf4 Kh3 64.
Bf2 Kg2 65. Ke3 {Userentscheid: Remis} 1/2-1/2
[/pgn]
[pgn]

[Event "Turnier 40 / 120"]
[Site "Wien"]
[Date "2022.03.25"]
[Round "27"]
[White "Mephisto Genius 68030 Aktiv - 33 MJZ"]
[Black "Tasc R30 V 2.5 Aktiv - ARM6 - 30 MHZ"]
[Result "1-0"]
[BlackElo "2332"]
[WhiteElo "2252"]

1. e4 d6 2. d4 Nf6 3. Nc3 g6 4. f4 Bg7 5. Nf3 c5 6. Bb5+ Bd7 7. e5 Ng4 8.
e6 fxe6 9. Ng5 Bxb5 10. Nxb5 Qa5+ 11. c3 Qxb5 12. Qxg4 {Buchende} cxd4 13.
Qxe6 {Buchbewertung Genius 68030: +0,48 / die falsche Schlagoption, Sxe6
führt zu einem Dauerschach und Remis, nach dem Textzug ist Schwarz im
Vorteil mit ca. +0,70 mit der Fortsetzung Df5} Qf5 14. Qxf5? {ein ganz
schlechter Zug, deutlich vorzuziehen war Db3, nach dem Textzug ist Schwarz
bereits klar im Vorteil, Stockfish +1,20} gxf5 {Buchende} 15. Ne6 {auch
hier ist cxd4 noch stärker, nach dem Textzug ist die Partie praktisch schon
verloren für Weiss, Stockfish -1,80} Kf7 16. Nxg7 Kxg7 17. cxd4 Nc6? {aber
so schnell geht es, dieser Zug verspielt einen Grossteil des Vorteils,
Stockfish nur noch +0,50 für Schwarz, nötig war Kf7 mit klarem Vorteil für
Schwarz} 18. Be3? {deutlich schwächer als Ld2, danach ist Schwarz schon
wieder klar im Vorteil, Stockfish +1,30 mit der Fortsetzung Sb4} Nb4 19.
Kd2 {besser ist d5, nach dem Textzug ist der schwarze Vorteil bereits
spielentscheidend, Stockfish +2,00 mit der Fortsetzung Kf7} Rac8 {etwas
schwächer als Kf7, aber Schwarz steht klar auf Gewinn, Stockfish +1,70} 20.
Rhc1 Kf6 21. Bf2 e6 {etwas besser ist Sd5, Stockfish +1,30 für Schwarz} 22.
Bh4+ Kf7 23. g3 h6 24. b3 Nd5 25. Rc4 Rce8 26. Rac1 Rhg8 {etwas besser ist
Thf8, Stockfish +1,00 für Schwarz} 27. Ke2 e5? {mit diesem Zug verspielt
Schwarz jeglichen Vorteil, der mittels Ta8 zu haben war, Stockfish 0,00}
28. dxe5 dxe5 29. fxe5 Rxe5+ 30. Kf2 Rge8 31. Rd1 Ke6 32. Rd3 Rf8 33. Kf3
Rg8 {immer noch alles im Lot, Stockfish 0,00} 34. Rd2 Re8 35. Rc5 Rf8 36.
Rd4 Rg8 37. Ra4 a6 38. Rd4 Rf8 39. Rcc4 Re3+ 40. Kf2 Re4 41. Rd3 Re8 42.
Kf3 Re5 43. Rdd4 Kd6 44. Rd2 Rf8 45. Rb4 b5 46. Rbd4 Rf7 47. Bd8 Kc5 48.
Rh4 Re3+ {besser ist f4, nach dem Textzug ist Weiss etwas im Vorteil mit
ca. +0,50} 49. Kg2 Re6 50. Ba5 f4 51. Rh5 Rd6 52. Rf2 Kd4 53. Bd2 Ke4 54.
Rh4 Rc6? {ein ganz schwacher Zug, der Weiss bereits klar in Vorteil bringt,
Stockfish +3,00 mit der Fortsetzung Lxf4, warum nicht Tdf6 und den F-Bauern
nochmals decken ? , völlig unverständlich} 55. Bxf4 Nxf4+ 56. Rhxf4+ Rxf4
57. Rxf4+ Kd5 58. a4 Rc2+ 59. Rf2 Rc3 60. axb5 axb5 61. Rf5+ Kc6 62. Rh5?
{ein ganz schwacher Zug, der den Sieg auf einen Schlag verschenkt, sofort
gewonnen hätte b4 mit +4,00 für Weiss, nach dem Textzug ist die Partie wohl
Remis, Stockfish nur noch +0,00, der Tasc R30 hätte den richtigen Zug b4
erwartet.} Rxb3 63. Rxh6+ Kc5 {dieser logisch aussehende Zug ist die
falsche Richtung, der König gehört nach c7 und es ist Remis, nach dem
Textzug ist Weiss wieder im Vorteil, Stockfish +1,00 mit der Fortsetzung
h4} 64. Rh5+? {ein sinnloses Schachgebot, damit ist natürlich kein
Blumentopf zu gewinnen, Stockfish 0,00} Kc4 65. g4 b4 66. g5 Re3 67. g6 Re8
68. Rh4+ Kc3 69. Rh3+ Kc2 70. Rf3 Rg8 71. Rf2+ Kc3 72. Rf6 b3 73. Rc6+ Kd3
74. Rb6 Kc2? {unglaublich, aber der Tasc R30 vergurkt wieder das
Turmendspiel, dieser Zug verliert die Partie natürlich sofort gegen die
Fortsetzung h4 und die beiden Bauern sind nicht mehr aufzuhalten, Stockfish
+8,00 für Weiss, nötig war natürlich b2 und es ist Remis} 75. h4! {der
Genius ergreift die Chance und überrascht damit seinen Gegner, der hatte
mit Tc6+ und einem Remis gerechnet, der Genius sieht aber hier noch keinen
Vorteil, Bewertung 0,00 in der Erwartung von Th8} b2 76. h5 {Genius 68030:
+1,15} b1=Q 77. Rxb1 Kxb1 {Tasc R30 +0,13 sieht noch nicht den Verlust} 78.
Kf3 {Genius +2,75} Kc2 {Tasc R30 -2,32} 79. Kg4 Rg7 80. Kg5 {Rest
geschenkt} 1-0
[/pgn]
[pgn]

[Event "Turnier 40 / 120"]
[Site "Wien"]
[Date "2022.03.26"]
[Round "28"]
[White "Tasc R30 V 2.5 Aktiv - ARM6 - 30 MHZ"]
[Black "Mephisto Genius 68030 Aktiv - 33 MHZ"]
[Result "1-0"]
[BlackElo "2252"]
[WhiteElo "2332"]

1. e4 e5 2. Nc3 Nf6 3. Bc4 Nc6 4. d3 {Buchende} Bc5 5. Nf3 d6 6. Be3 {Tasc
R30 wieder im Buch} Bb6 {Buchende} 7. Qd2 {Buchende} Bg4 {Buchbewertung
Genius 68030: +0,18} 8. Ng5 {Buchbewertung Tasc R30: -0,17 / lt. Stockfish
ist die Stellung etwa gleich} O-O 9. h3 Bh5 10. g4 Bxe3 11. fxe3 Bg6 12.
Nf3 Na5 13. Bb3 Nxb3 14. axb3 a6 15. O-O h6 16. Qf2 Qd7 17. Nh4 Bh7 18. Kh2
Rad8 19. Rg1 Rde8? {deutlich besser ist Se8, nach dem Textzug ist Weiss
bereits klar im Vorteil, Stockfish +1,40 mit der Fortsetzung g5} 20. Qg2
{deutlich schwächer als g5, Stockfish +0,30 für Weiss mit der Fortsetzung
Te6} Kh8 21. g5 hxg5 22. Qxg5 Rg8 23. Raf1 Re6 24. Nf3 Ne8 25. Qg4 f6 26.
Nh4 g6 27. d4 Re7 28. Qg2 c6 29. Qd2 exd4 30. Qxd4 Rgg7 31. Qd3 {etwas
besser ist Tg3, nach dem Textzug ist Schwarz etwas im Vorteil, Stockfish
+1,00} Re5 32. Qe2 Qe6 {etwas besser ist d5, Stockfish +0,50 für Schwarz}
33. Nf3 Rh5 34. Rg3 Bg8 35. Nd4 Qe5 36. Kg2 Rgh7 37. Nf3 Qa5 {etwas besser
ist De6, Stockfish 0,00} 38. Rxg6 Rxh3 39. Kf2 Qh5 40. Rfg1 Rg7 41. Rxg7
Nxg7 42. Rg2 Be6 43. Ng1 Qh4+ 44. Kf1 Rh1 45. Qf2 Qh6 46. Ke2 {die Stellung
ist immer noch im Lot, Stockfish 0,00} Ne8 47. Kd2 Qh7 48. Nge2 Bh3 49. Rh2
Rxh2 50. Qxh2 Bg4 51. Qg3 Qh3 52. Qg1 a5? {ein schwacher Zug, der Weiss
klar in Vorteil bringt, Stockfish +1,50 mit der Fortsetzung Sf4, nötig war
Dh5 und alles ist im Lot} 53. Nf4 Qf3 54. Nce2 c5 55. Ng6+ Kh7 56. Nef4 Bh5
57. Nf8+ {besser ist Sxh5, Stockfish +1,00 für Weiss} Kh6 58. Nxh5 Qxh5 59.
Ne6 Kh7 60. Nf4 Qg5 {besser ist Df7, Stockfish +2,40 für Weiss mit der
Fortsetzung Df1} 61. Qf1 Qe5? {deutlich besser ist noch Dg7, nach dem
Textzug ist die Partie schon verloren für Schwarz, Stockfish +4,70 für
Weiss mit der Fortsetzung Dh3+} 62. Qh3+ Kg8 63. Ng6 Qg5 64. Qe6+ Kg7 {da
ist nichts mehr zu retten für Schwarz, Stockfish +7,00 für Weiss mit der
Fortsetzung Se7+} 65. Ne7 Kf8 66. Nf5 Qg6 67. Nxd6 {besser ist De7+, aber
es spielt keine Rolle mehr, Stockfish +6,00 für Weiss} Qg2+ 68. Kc3 Nxd6
69. Qxd6+ Kg7 70. e5 fxe5 71. Qxe5+ Kf7 72. Qxc5 Qf3 73. Qe5 Kg6 74. Qd6+
Kg7 75. Qf4 Qc6+ 76. Kd3 Qb5+ 77. Kd2 Qc6 78. e4 b6 79. Qg5+ Kf8 80. Qd8+
Kg7 81. Qe7+ Kg8 82. Kc1 Qg6 83. Kb1 Qg1+ 84. Ka2 Qg6 85. e5 a4 86. e6 Qf5
87. Qd7 axb3+ 88. Kxb3 Qf3+ 89. c3 Qf5 90. c4 Qf3+ 91. Ka4 Qa8+ {Stockfish
Matt in 19} 92. Kb5 Qa5+ 93. Kc6 Qa8+ 94. Kxb6 {Rest geschenkt} 1-0
[/pgn]
[pgn]

[Event "Turnier 40 / 120"]
[Site "Wien"]
[Date "2022.03.27"]
[Round "29"]
[White "Mephisto Genius 68030 Aktiv - 33 MHZ"]
[Black "Tasc R30 V 2.5 Aktiv - ARM6 - 30 MHZ"]
[Result "1-0"]
[BlackElo "2332"]
[WhiteElo "2252"]

1. d4 d5 2. c4 c6 3. Nf3 Nf6 4. Nc3 dxc4 5. a4 Bf5 6. e3 e6 7. Bxc4 Bb4 8.
O-O O-O 9. Nh4 Bg4 10. f3 {Buchende} Nd5 11. fxg4 {Buchbewertung Genius
68030: 0,00} Qxh4 {Buchende} 12. Ne4 {deutlich besser war e4 mit ca. +1,00
für Weiss, nach dem Textzug ist die Stellung im Lot, Stockfish 0,00} Nd7
{Buchbewertung Tasc R30: -0,41} 13. Bd3 f5 14. gxf5 exf5 15. Ng3 g6 16.
Qb3? {ein schwacher Zug, der Schwarz klar in Vorteil bringt, Stockfish
+1,30 für Schwarz, nötig war e4 und alles ist im Lot} Nf6 17. Ne2 Ng4
{besser ist Ld6, Stockfish +0,60 für Schwarz} 18. h3 Nf6 {besser ist Le1,
nach dem Textzug ist die Stellung im Lot, Stockfish 0,00} 19. Nf4 a5
{besser ist Kh8, nach dem Textzug ist Weiss schon etwas im Vorteil,
Stockfish +0,80 mit der Fortsetzung e4} 20. Bc4 {deutlich schwächer als e4,
die Stellung ist wieder im Lot} Kh8 21. Nxd5 cxd5 22. Bxd5 Nxd5 23. Qxd5
Qe7 24. Rf2 {die Stellung ist im Lot, Stockfish 0,00} Rfe8 25. Rc2 Rac8 26.
Re2 Rc6 27. Qf3 Re6 28. Rc2 Re4 29. Rc4 Kg8 30. b3 f4 31. exf4 Qd7 32. Bb2
Re2 33. Ba3 {die Stellung ist immer noch im Lot, Stockfish 0,00} Bxa3 34.
Rxa3 Re1+ 35. Kh2 R1e3 36. Qg4 Qd6 {besser ist Dxg4, nach dem Textzug ist
Weiss im Vorteil mit ca. +1,00} 37. Ra1 Rxb3 38. Rac1 Rbe3 39. Rc7
{deutlich besser ist Tb1, nach dem Textzug ist Weiss nur noch hauchdünn im
Vorteil mit ca. +0,30} h5? {ein ganz schlechter Zug, der die Partie bereits
verliert, Stockfish +4,00 für Weiss mit der Fortsetzung Dg5, nötig war T3e7
und alles ist in Ordnung für Schwarz} 40. Qg5 R3e4 41. R1c5 Rxf4 42. Rd7!
{der richtige Zug, Stockfish +5,50, der Tasc R30 hatte hier Dd5+ erwartet,
dieser Zug hätte den gesamten Vorteil auf einen Schlag verspielt.} Qf6 43.
Rxb7 Qxg5 44. Rxg5 Rxd4 45. Rxg6+ {besser ist Txa5, aber Weiss steht
natürlich trotzdem klar auf Gewinn, Stockfish +5,00} Kf8 46. Ra6 Rd5 47.
Rb5 Rxb5 48. axb5 Re3 49. Rxa5 Rb3 50. b6 h4 51. Ra4 Rxb6 52. Rxh4 {die
beiden geschlossenen Freibauern gewinnen natürlich die Partie,
Userentscheid: 1-0} 1-0
[/pgn]
[pgn]

[Event "Turnier 40 / 120"]
[Site "Wien"]
[Date "2022.03.28"]
[Round "30"]
[White "Tasc R30 V 2.5 Aktiv - ARM6 - 30 MHZ"]
[Black "Mephisto Genius 68030 Aktiv - 33 MHZ"]
[Result "1-0"]
[BlackElo "2252"]
[WhiteElo "2332"]

1. e4 e5 2. f4 exf4 3. Nf3 d6 4. Bc4 {Buchende} Be6 5. Bxe6 {Buchbewertung
Tasc R30: +0,25} fxe6 6. d4 Qf6 {Buchende} 7. O-O Nd7 {Buchbewertung Genius
68030: +0,36 / lt. Stockfish steht Schwarz knapp besser mit ca. +0,40} 8.
Nc3 c6? {ein schwacher Zug, der Weiss bereits klar in Vorteil bringt,
Stockfish +1,40 mit der Fortsetzung e5, deutlich besser war 0-0-0 oder a6
mit Ausgleich} 9. e5 dxe5 10. Nxe5 Nxe5 11. dxe5 Bc5+ 12. Kh1 Qg6 13. Rxf4
{etwas besser ist De2, Stockfish +0,50 für Weiss} Ne7? {dieser Zug verliert
bereits die Partie, Stockfish +2,60 für Weiss mit der Fortsetzung Se4,
nötig war Sh6 mit geringem Vorteil für Weiss} 14. Ne4 Rd8? {nochmals klar
schwächer als b6, nach dem Textzug ist nichts mehr zu retten für Schwarz,
Stockfish -3,50} 15. Qe2 Rd5? {der Genius ist völlig von der Rolle in
dieser Partie und macht einen groben Fehler nach dem anderen, Stockfish
+6,60 mit Fortsetzung Sxc5} 16. Bd2 {schwächer als Sxc5, aber das hilft
Schwarz auch nicht mehr, Stockfish +4,50 für Weiss} Bd4 {besser ist noch
Lb6 hilft aber auch nicht mehr, Stockfish +6,50 für Weiss mit der
Fortsetzung Sd6+} 17. Bc3 {schwächer als Sd6+, aber Weiss steht klar auch
Gewinn, Stockfish +4,80} Bxc3 18. bxc3 Nf5 19. g4 Nh6 {lt. Stockfish war
hier sogar 0-0 noch besser und den Springer zu geben, Stockfish +8,00 für
Weiss} 20. c4 Rd7 21. Nd6+ Kd8 22. Raf1 b6 23. c5 {Stockfish +14,00 für
Weiss} bxc5 24. Rd1 Ke7 {Stockfish Matt in 13} 25. Qf2 Nxg4 26. Rf7+ Kd8
27. Rxd7+! {eine starke Ansage des Favoriten an dieser Stelle: Matt in 12
!!!} Kxd7 28. Qxc5 Nf2+ {Genius 68030: -12,10 -------> Aufgabe !!  Eine
ganz schwache Partie des Aussenseiters, wo er wahrlich ein Debakel
kassiert.} 1-0
[/pgn]
[pgn]

[Event "Turnier 40 / 120"]
[Site "Wien"]
[Date "2022.03.29"]
[Round "31"]
[White "Mephisto Genius 68030 Aktiv - 33 MHZ"]
[Black "Tasc R30 V 2.5 Aktiv - ARM6 - 30 MHZ"]
[Result "0-1"]
[BlackElo "2332"]
[WhiteElo "2252"]

1. e4 d5 2. exd5 Qxd5 3. Nc3 Qa5 4. d4 Nf6 5. Nf3 c6 {Buchende} 6. Ne5
{Buchende} Nbd7 {Buchbewertung Tasc R30: -0,47} 7. Nc4 {Buchbewertung
Genius 68030: +0,45 / lt. Stockfish steht Weiss etwas besser mit ca. +0,60}
Qc7 8. Qf3 Nb6 9. Bf4 Qd8 10. Be5 Bg4 11. Qf4 h5 12. h3 Be6 13. Nxb6 axb6?
{deutlich besser ist Dxb6, Stockfish +1,50 für Weiss mit der Fortsetzung
Ld3} 14. Bc7? {deutlich besser ist Ld3, Stockfish +0,60 für Weiss} Qc8 15.
Bxb6 Nd7 16. Qc7 g5 17. Qxc8+ {besser ist 0-0-0, Stockfish +0,20 für Weiss}
Rxc8 18. Ba5 Bg7 19. Ne2 {etwas besser ist 0-0-0, die Stellung ist im Lot}
h4 20. Bd2 c5 21. c3 Bf6 22. dxc5 Rxc5 {deutlich besser ist Sxc5, Stockfish
+1,30 für Weiss mit der Fortsetzung Sd4} 23. Nd4 Bd5 24. f3 e6 25. Be2 Rc8
26. Bb5 Bc4? {deutlich besser ist Ke7, nach dem Textzug ist die Partie
praktisch verloren für Schwarz, Stockfish -2,50 mit der Fortsetzung Lxc4}
27. Be3? {ein ganz schlechter Zug, der einen Grossteil des Vorteiles
verspielt, Stockfish nur noch +0,50 für Weiss mit der Fortsetzung Lxd4}
Ke7? {doch der Favorit lässt die Chance aus, nach dem Textzug ist Weiss
wieder klar im Vorteil mit +2,00} 28. Bxc4 Rxc4 29. O-O-O Rg8 30. Nb3 Be5
31. Kb1 f5 {deutlich besser ist b5, Stockfish +3,00 für Weiss mit der
Fortsetzung The1} 32. Rhe1 Rc6 33. Bf2 Rd6? {deutlich besser ist Lf6,
Stockfish +4,50 für Weiss, die Stellung ist verloren für Schwarz} 34. Nc5
Rxd1+ 35. Rxd1 Nxc5 36. Bxc5+ Kf6 37. Bb6? {deutlich schwächer als Td7,
Stockfish +3,00 für Weiss mit der Fortsetzung g4} Rg7? {deutlich schwächer
als g4, Stockfish +5,50 für Weiss mit der Fortsetzung Ld8+} 38. Bd8+ Kf7
39. Kc2 Ke8 40. Bb6 {deutlich besser ist b4, Stockfish +3,00 für Weiss} Bf4
{deutlich besser ist Lf6, Stockfish +4,50 für Weiss mit der Fortsetzung
Td8+} 41. Rd8+ Ke7 42. Kb3? {halbiert den Vorteil von Weiss, Stockfish
"nur" noch +2,00 für Weiss, nötig war Th8 mit +4,50 für Weiss} e5 43. Ra8?
{ein grottenschlechter und völlig unverständlicher Zug, was will der Turm
dort ?, damit verspielt Weiss auf einen Schlag praktisch den gesamten
Vorteil, Stockfish nur noch +0,60 für Weiss} Ke6? {die Stellung überfordert
beide Geräte, nach dem Textzug ist Weiss wieder klar im Vorteil, Stockfish
+2,40 mit der Fortsetzung a4, nötig war Tg6 mit nur geringem Vorteil für
Weiss} 44. Ra4? {ein ganz schlechter Zug, der die Partie komplett auf den
Kopf stellt, Stockfish +2,00 für Schwarz mit der Fortsetzung Td7 und
Schwarz gewinnt.} g4? {verschenkt den Sieg, danach ist die Stellung Remis,
Stockfish 0,00} 45. fxg4 fxg4 46. Rb4? {ein grottenschlechter Zug, der die
Partie sofort verliert, Stockfish +4,50 für Schwarz mit der Fortsetzung
gxh3, nötig war natürlich der direkte Angriff auf den Bauern b7 mittels
Ta7, der Läufer auf b6 verhindert den direkten Angriff und kostet somit ein
spielentscheidendes Tempo, die Partie ist verloren für Weiss} gxh3 47. gxh3
Rg3 48. Bf2 Rxh3 49. Rxb7 Rh2 50. Bc5 h3 51. Rh7 {der H-Bauer kann nur noch
unter Verlust des weissen Turmes gestoppt werden, die Partie ist verloren
für Weiss, der Genius hat hier noch keinen Weitblick und beurteilt diese
Stellung noch mit +0,84} Rh1 {Tasc R30: +1,13} 52. Bg1 {Genius 68030: -0,96
/ Stockfish -7,00} Rxg1 53. Rxh3 e4 54. Rh4 Rf1 55. Rh8 e3 56. Kc2 Kf5
{Userentscheid: 0-1} 0-1
[/pgn]
[pgn]